000 01109nam a2200241Ia 4500
003 Ost
005 20260507075031.0
008 260507s9999||||xx |||||||||||||| ||und||
020 _a2083299959
040 _cfsecg
041 _aara
082 _a330
100 _aالمبروك، علي يونس
_eمؤلف
245 0 _aأساسيات الجبر الخطي /
_c علي يونس المبروك
260 _aبنغازي:
_bدار الكتاب الجديد,
_c2002
300 _a312 صفحة؛
_bإيضاحات ؛
_c24 سم
520 _aالمجموعات- العلاقات والدوال- الزمرة والمجال- متعددات الحدود- المصفوفات- المحددات- المعادلات الخطية- الفضاءات المتجمعة- التحويلات الخطية- فضاءات الضرب الداخلي- القيم الذاتية والمتجمعات الذاتية- القطرية
653 _aالجبر الخطي
653 _aالرياضيات
653 _aالمعادلات
700 _a الأحمر، محمد علي
_eمؤلف ثانوي
942 _cكتاب
999 _c42402
_d42402